Black Eyed Peas & Shakira - GIRL LIKE ME - Statistics

General Stats
  • This quiz has been taken 6 times
    5 since last reset
  • The average score is 199 of 481
Answer Stats
Lyric % Correct
a
100%
A
100%
like
100%
Like
100%
look
100%
for
80%
For
80%
girl
80%
Girl,
80%
I
80%
la
80%
LA,
80%
latina
80%
lookin'
80%
me
80%
Me
80%
me,
80%
Shaki
80%
Shakira,
80%
Sha-Sha-Shakira,
80%
Sha-Sha-Shakira
80%
So
80%
so
80%
La-La-Latinas
60%
La-La-Latinas,
60%
la-la-latinas
60%
Latinas,
60%
latinas
60%
tell
60%
y
60%
ya
60%
Yo
60%
yo
60%
you
60%
You
60%
Ah-ah-ah,
40%
and
40%
And
40%
chica
40%
I'm
40%
my
40%
on
40%
que
40%
that
40%
The
40%
the
40%
they
40%
who
40%
Your
40%
your
40%
you're
40%
Anitta
20%
are
20%
big
20%
Boricuas
20%
bunda
20%
chicanas
20%
colombianas
20%
diga
20%
do
20%
East
20%
el
20%
Elegante
20%
es
20%
Esa
20%
está
20%
estás
20%
fina
20%
glitter
20%
glossy
20%
jugar?
20%
know
20%
lips
20%
mami,
20%
manzana,
20%
más
20%
mentiras
20%
Morena,
20%
no
20%
¿No
20%
No
20%
of
20%
Ones
20%
Oye,
20%
permanentemente
20%
piece
20%
quiero,
20%
quiero
20%
real
20%
real,
20%
rica
20%
Selena
20%
señorita
20%
Shake
20%
shine
20%
shines
20%
team
20%
To
20%
Una
20%
una
20%
vida
20%
viva
20%
wanna
20%
want
20%
when
20%
When
20%
adictiva
0%
All
0%
aquí
0%
así
0%
azúcar
0%
baby,
0%
Baby,
0%
be
0%
bed
0%
best
0%
bien
0%
bonita
0%
bossy
0%
boundaries
0%
Buena
0%
buscando
0%
buscas
0%
cabeza,
0%
Caliente,
0%
cama,
0%
chick
0%
come
0%
come,
0%
como
0%
die
0%
diva
0%
dominicanas
0%
don't
0%
drop
0%
Electric
0%
en
0%
eso
0%
estoy
0%
field,
0%
filter
0%
find
0%
flamita
0%
get
0%
good
0%
got
0%
head
0%
head)
0%
heater
0%
hell
0%
her
0%
(Her
0%
hips
0%
(Hot)
0%
if
0%
I'll
0%
in
0%
In
0%
it
0%
it,
0%
Just
0%
killa
0%
let
0%
let's
0%
lie,
0%
life,
0%
liking
0%
llevas
0%
love
0%
low
0%
mente
0%
mira,
0%
Muévelo,
0%
muévelo,
0%
muévelo
0%
mujer
0%
natural
0%
need
0%
otra,
0%
(Ping)
0%
poderes
0%
princesa
0%
rock
0%
Sacúdelo
0%
see
0%
sepa
0%
she
0%
shock
0%
sí,
0%
solo
0%
Soy
0%
that's
0%
tiene
0%
top
0%
tu
0%
up
0%
use
0%
using
0%
ven
0%
ves
0%
vivir
0%
way
0%
what
0%
who's
0%
with
0%
within
0%
yeah,
0%
No matching quizzes found
Score Distribution
Percent of People with Each Score
Percentile by Number Answered
Your Score History
You have not taken this quiz since the last reset